000 02081nam a2200313 a 4500
005 20080728145840.0
008 070425s2008 nyu | 00| 0 eng
010 _aENG-101689 B-425233-238
020 _a9788184000030
_c450.00
035 _aEN-85222 B-425233-238
037 _bDBAD/PUB
037 _bRBC/ VEN
040 _adpl
_bEnglish
082 _a915.41
100 _aHollick,Julian Crandall
_923234
245 _aGanga /
_bby Julian Crandall Hollick
260 _aNew Delhi
_bRandom House Publishers
_c2007.
270 _a301 World Trade Tower,Barakhamba Lane
_bNew Delhi
_e110001
_m@randomhouse.co.in
300 _a279p.
_c22cm.(Hb)
942 _2ddc
_cEN
_h915.41
_mHOL
999 _c24477
_d24477